Čs. štátne kúpele Pieštany Liečebný dom "Pro patria"

Bibliographic Details
Other Authors: Müller, Rudolf (fotograf) (Photographer)
Format: Postcard
Language:Slovak
PhysicalDescription:1 pohľadnica čiernobiela 11 x 15 cm
Published: [Bratislava] Vydavateľstvo politickej literatúry 1967
Subjects:

MARC

LEADER 00000nkm a2200000 a 4500
001 vtls010689387
003 SK-MaSNL
005 20260512125629.0
007 kp bo
008 231206s1967 xo g kuslo
015 |a SNBG 
035 |a 6E7BBCE7-A0CB-4B5A-AA8B-AE38ABDC05D7 
035 |a urn:nbn:sk:snk-kmxxxp 
035 |a urn:nbn:sk:snk-km004xbp 
040 |a SNK  |b slo  |c SNK  |e AACR2 
041 0 |a slo 
043 |a e-xo--- 
044 |a xo  |c SK 
080 |a 908(437.6)  |2 2001 
080 |a (084.121)  |2 2001 
100 1 |a Müller, Rudolf  |c (fotograf)  |4 pht  |9 9329 
245 1 0 |a Čs. štátne kúpele Pieštany  |h grafika  |b Liečebný dom "Pro patria"  |c foto: Rudolf Müller 
260 |a [Bratislava]  |b Vydavateľstvo politickej literatúry  |c 1967 
300 |a 1 pohľadnica  |b čiernobiela  |c 11 x 15 cm 
651 7 |a Piešťany (Slovensko)  |2 SNKPH  |9 23981 
655 7 |a miestne pohľadnice  |2 SNKPH  |9 70510 
852 |a Slovenská národná knižnica 
958 |a GC 
958 |a GBN 
958 |a OND 
999 |c 1099528  |d 1101458 
952 |a SNK  |b SNK  |y PREZ  |7 0  |p 17A1140894  |o snkSP 881  |0 0  |1 0  |4 0  |d 2015-06-30  |f 1  |l 0  |r 2026-02-24 17:26:24  |w 2026-02-24